000 00469nam a2200169Ia 4500
005 20250923144326.0
008 008 250917s9999 xx 000 0 eng d
037 _aTextual
040 _aDSWL
_beng
_cDSWL
041 _aeng
_2eng
084 _aLOaY, N29
_qDSWL
245 0 _aPhysician and patient
_cEd. by L.E. Emerson
260 _aCambridge
_bHarvard Univ Press
_c1929
300 _a244 p.
942 _cTEXL
_hLOaY, N29
999 _c1437479
_d1437479